'I Before E' Spelling Test Quiz Stats

 Plays Quiz Updated Sep 9, 2015

Challenge
Share
Tweet
Embed
Score 0/25 Timer 03:00
0 Plays Today
% Correct
Society
90.2%
Neither
89.9%
Species
89.7%
Ancient
89.6%
Ceiling
89.4%
Receipt
89.4%
Leisure
88.9%
Their
88.7%
Policies
88.4%
Seizure
88.3%
Receive
87.7%
Conscience
86.2%
Atheism
85.5%
% Correct
Caffeine
85.4%
Coefficient
84.6%
Surveillance
84.3%
Forfeit
84.1%
Kaleidoscope
81.4%
Inconceivable
80.8%
Seismic
78.8%
Omniscient
75.3%
Onomatopoeia
74.2%
Sheik
66.2%
Keister
47.2%
Raciest
46.1%

You're not logged in!

Compare scores with friends on all Sporcle quizzes.
OR
Log In

You Might Also Like...

Show Comments

Extras

Top Quizzes Today


Score Distribution

Your Account Isn't Verified!

In order to create a playlist on Sporcle, you need to verify the email address you used during registration. Go to your Sporcle Settings to finish the process.

Report this User

Report this user for behavior that violates our Community Guidelines.

Details: